| 000 | 00617nam a2200241 a 4500 | ||
|---|---|---|---|
| 003 | AR-BaBNM | ||
| 005 | 20251128204049.0 | ||
| 008 | 082120s2002 ||||||||||||||000 | spa|| | ||
| 040 | _cAR-BaBNM | ||
| 100 | 1 | _aIbarbourou, Juana de | |
| 245 | 0 | 0 | _aLas lenguas de diamante |
| 260 |
_aBuenos Aires _bLosada _c1969 |
||
| 300 |
_a147 p. _bil. |
||
| 650 | 4 | _aPOESIA | |
| 650 | 4 | _aLITERATURA LATINOAMERICANA | |
| 650 | 4 | _aLITERATURA CONTEMPORANEA | |
| 653 | _aLITERATURA URUGUAYA | ||
| 653 | _aINFLUENCIA CLASICA | ||
| 655 | _aLITERATURA | ||
| 700 | 1 |
_aSoldi, Raúl _eilustrador |
|
| 942 | _cBK | ||
| 998 | _cMARTIN | ||
| 999 |
_c6022 _d6022 |
||